| 000 | 00333cam a22000977a 4500 | ||
|---|---|---|---|
| 008 | 180718b1930 xxu||||| |||| 00| 0 eng d | ||
| 082 | _aT2x5452 | ||
| 245 |
_aNotes on starting industrial schools: with specimen syllabuses of instruction _cby Department of Industries, Madras |
||
| 260 |
_aMadras _bGovernment Press _c1930 |
||
| 300 | _a43p. | ||
| 999 |
_c503574 _d503574 |
||